Catálogo público

Bases para realizar estudios de efectividad biológica de plaguicidas / (Record no. 200910)

MARC details
000 -CABECERA
campo de control de longitud fija 01087nam a2200325Ia 4500
001 - NÚMERO DE CONTROL
campo de control Para_2376
003 - IDENTIFICADOR DEL NÚMERO DE CONTROL
campo de control CHAP
008 - DATOS DE LONGITUD FIJA--INFORMACIÓN GENERAL
campo de control de longitud fija 220125s2001 xx 000 0 und d
010 ## - NÚMERO DE CONTROL DE LA BIBLIOTECA DEL CONGRESO
Número de control de LC 200910
040 ## - FUENTE DE LA CATALOGACIÓN
Centro/agencia transcriptor CHAP
082 ## - NÚMERO DE LA CLASIFICACIÓN DECIMAL DEWEY
Número de clasificación PA 632.9504 B3
100 ## - ENTRADA PRINCIPAL--NOMBRE DE PERSONA
Nombre de persona Bautista Martinez, Nestor, ed.
9 (RLIN) 163842
245 ## - MENCIÓN DE TÍTULO
Título Bases para realizar estudios de efectividad biológica de plaguicidas /
Mención de responsabilidad, etc. ed. por Nestor Bautista Martínez y Ovidio Díaz Gómez
260 ## - PUBLICACIÓN, DISTRIBUCIÓN, ETC.
Lugar de publicación, distribución, etc. Montecillos, Méx. :
Nombre del editor, distribuidor, etc. Colegio de Postgraduados
300 ## - DESCRIPCIÓN FÍSICA
Extensión 148 p.
650 ## - PUNTO DE ACCESO ADICIONAL DE MATERIA--TÉRMINO DE MATERIA
Término de materia o nombre geográfico como elemento de entrada Pesticidas
Subdivisión general efecto en animales
9 (RLIN) 87546
650 ## - PUNTO DE ACCESO ADICIONAL DE MATERIA--TÉRMINO DE MATERIA
Término de materia o nombre geográfico como elemento de entrada Pesticidas
Subdivisión general efecto en medio ambiente
9 (RLIN) 164039
650 ## - PUNTO DE ACCESO ADICIONAL DE MATERIA--TÉRMINO DE MATERIA
Término de materia o nombre geográfico como elemento de entrada Pesticidas
Subdivisión general efecto en suelos
9 (RLIN) 87554
650 ## - PUNTO DE ACCESO ADICIONAL DE MATERIA--TÉRMINO DE MATERIA
Término de materia o nombre geográfico como elemento de entrada Pesticidas
Subdivisión general pruebas
9 (RLIN) 87568
650 ## - PUNTO DE ACCESO ADICIONAL DE MATERIA--TÉRMINO DE MATERIA
Término de materia o nombre geográfico como elemento de entrada Pesticidas
Subdivisión general toxicidad
9 (RLIN) 87571
700 ## - PUNTO DE ACCESO ADICIONAL--NOMBRE DE PERSONA
Nombre de persona Díaz Gómez, Ovidio, ed.
9 (RLIN) 165746
710 ## - PUNTO DE ACCESO ADICIONAL--NOMBRE DE ENTIDAD CORPORATIVA
Nombre de entidad corporativa o nombre de jurisdicción como elemento de entrada Colegio de Postgraduados.
9 (RLIN) 25064
901 ## - ELEMENTOS DE DATOS A LOCAL LDA (RLIN)
a PA 632.9504 B3
902 ## - ELEMENTOS DE DATOS B LOCAL, LDB (RLIN)
a A
905 ## - ELEMENTOS DE DATOS E LOCAL, LDE (RLIN)
a 0000002001 n 0000000000 00
910 ## - DATOS DE OPCIÓN DEL USUARIO (OCLC)
Datos de opción del usuario 2001
942 ## - ELEMENTOS DE PUNTO DE ACCESO ADICIONAL (KOHA)
Tipo de ítem Koha Parasitologia_
942 ## - ELEMENTOS DE PUNTO DE ACCESO ADICIONAL (KOHA)
Tipo de ítem Koha Parasitologia_
-- 1
Holdings
Estado de retiro Estado de pérdida Fuente del sistema de clasificación o colocación Estado dañado Restricciones de uso No para préstamo Código de colección Localización permanente Ubicación/localización actual Fecha de adquisición Número de inventario Total de préstamos Signatura topográfica completa Código de barras Fecha visto por última vez Número de copia Precio válido a partir de Tipo de ítem Koha Nota pública
    Dewey Decimal Classification   Préstamo interno   General Parasitologia Agricola Parasitologia Agricola 27/10/2005 (PA_8015) (No. UACh C/E)   PA 632.9504 B3 4102002650 31/10/2024 Ej.1 25/01/2022 Libro 3